Riconosci la Squadra di calcio - Quiz n°136 - Statistics

Statistiche generali
  • Questo quiz è stato fatto 3 volte
  • Il punteggio medio è 4 su 10
Statistiche sulle risposte
Indizio Risposta % Corretto
Titoli nazionali 9 Campionati messicani
100%
Colori sociali Rosso, bianco, blu
100%
Confederazione CONCACAF
67%
Simboli Coniglio
67%
Fondazione 1927
33%
Capienza Stadio 87 523 posti
33%
Divisione nazionale 2023-2024 Prima
33%
Trofei nazionali 4 Coppe del Messico
4 Supercoppe del Messico
1 Supercopa MX
0%
Trofei internazionali 6 CONCACAF Champions' Cup/Champions League 1 Leagues Cup
0%
Squadra Cruz Azul
0%
Nessun quiz corrispondente trovato
Distribuzione punteggi
Percentuale di utenti per punteggio
Percentile per numero di risposta
I tuoi punteggi nel tempo
Non hai fatto questo quiz